| 000 | 00882cam a22002054a 4500 | ||
|---|---|---|---|
| 005 | 20250605164207.0 | ||
| 008 | 250528s ||||||||||||||||||||||||d | ||
| 035 | _a20109 | ||
| 020 | _a9211124131 | ||
| 040 |
_aGR-AtMCL _bgre _dGR-AtMCL _eAACR2 |
||
| 245 | 1 | _aWorld Investment Report / Transnational Corporations, Market Structure and Competition Policy | |
| 260 | _c1997 | ||
| 300 | _a384 | ||
| 520 | _aUnited Nations Conference on Trade and Development. Preface, Overview, Global Trends, Regional Trends, Foreign Portfolio Equity Investment, Foreign Direct Investment and Market Structure and Competition Policy, Foreign Direct Investment and Market Structure and Competition, Policy Implications, References. | ||
| 710 | 2 |
_aUnited Nations _99734 |
|
| 710 | 2 |
_aUnited Nations Conference On Trade And Development _99773 |
|
| 942 | _cBK | ||
| 999 |
_c5248 _d5248 |
||